| 000 | 01169pam a2200301 a 4500 | ||
|---|---|---|---|
| 001 | 3050832 | ||
| 003 | OSt | ||
| 005 | 20170221112012.0 | ||
| 008 | 960104s1996 ilua b 000 0 eng | ||
| 010 | _a 96004297 | ||
| 020 | _a0844246123 | ||
| 020 | _a9780844246123 | ||
| 040 |
_aDLC _cDLC _dDLC |
||
| 050 | 0 | 0 |
_aQA76.25 _b.M86 1996 |
| 082 | 0 | 0 |
_a651.8/023 _220 |
| 100 | 1 | _aMunday, Marianne Forrester. | |
| 245 | 1 | 0 |
_aOpportunities in data and word processing careers / _cMarianne Forrester Munday ; foreword by Jerome Heitman. |
| 260 |
_aLincolnwood, Ill. : _bVGM Career Horizons, _c1996. |
||
| 300 |
_axiv, 146 p. : _bill. ; _c20 cm. |
||
| 440 | 0 | _aVGM opportunities series | |
| 504 | _aIncludes bibliographical references (p. 135-137). | ||
| 650 | 0 |
_aElectronic data processing _xVocational guidance. |
|
| 650 | 0 |
_aWord processing _xVocational guidance. |
|
| 856 | 4 | 2 |
_3Publisher description _uhttp://www.loc.gov/catdir/description/mh041/96004297.html |
| 906 |
_a7 _bcbc _corignew _d1 _eocip _f19 _gy-gencatlg |
||
| 942 |
_2lcc _cBK |
||
| 999 |
_c48856 _d48856 |
||